Trends in Cerebrovascular Surgery and Interventions (Record no. 35192)
[ view plain ]
| 000 -LEADER | |
|---|---|
| fixed length control field | 00816nam a2200121Ia 4500 |
| 008 - FIXED-LENGTH DATA ELEMENTS--GENERAL INFORMATION | |
| fixed length control field | 220620s9999||||xx |||||||||||||| ||und|| |
| 245 #0 - TITLE STATEMENT | |
| Title | Trends in Cerebrovascular Surgery and Interventions |
| 546 ## - LANGUAGE NOTE | |
| Language note | English[eng] |
| 650 ## - SUBJECT ADDED ENTRY--TOPICAL TERM | |
| Topical term or geographic name entry element | Neurosurgery||Neuroradiology||Imaging / Radiology||Neurology||Radiology||cerebrovascular disease||stroke diagnosis||stroke management||stroke surgery||cerebral blood flow||intracranial aneurysms||arteriovenous malformations||cerebral cavernomas||carotid endarterectomy||clipping||coiling||moyamoya||open access||Neurology & clinical neurophysiology||Medical imaging |
| 700 ## - ADDED ENTRY--PERSONAL NAME | |
| Personal name | Esposito, Giuseppe||Regli, Luca||Cenzato, Marco||Kaku, Yasuhiko||Tanaka, Michihiro||Tsukahara, Tetsuya |
| 856 ## - ELECTRONIC LOCATION AND ACCESS | |
| Uniform Resource Identifier | <a href="https://library.oapen.org/bitstream/20.500.12657/48720/1/9783030634537.pdf">https://library.oapen.org/bitstream/20.500.12657/48720/1/9783030634537.pdf</a> |
| 942 ## - ADDED ENTRY ELEMENTS (KOHA) | |
| Koha item type | E-Books |
| Withdrawn status | Lost status | Damaged status | Not for loan | Home library | Current library | Date acquired | Total Checkouts | Date last seen | Price effective from | Koha item type |
|---|---|---|---|---|---|---|---|---|---|---|
| Kerala University of Digital Sciences, Innovation and Technology Knowledge Centre | Kerala University of Digital Sciences, Innovation and Technology Knowledge Centre | 20/06/2022 | 20/06/2022 | 20/06/2022 | E-Books |